|
|
|
|
| LEADER |
00840nam a22002772a 4500 |
| 001 |
000325847 |
| 003 |
CZ BrMZK |
| 005 |
20071018090101.0 |
| 007 |
ta |
| 008 |
980105s1987 xr f cze d |
| 015 |
|
|
|a cnb000032710
|
| 035 |
|
|
|a (OCoLC)39409674
|
| 040 |
|
|
|a BOA001
|b cze
|
| 080 |
9 |
|
|a 519.233.5
|
| 100 |
1 |
|
|a Květoň, Karel,
|d 1941-
|7 ntka173176
|4 aut
|
| 245 |
1 |
0 |
|a Základy regresní analýzy /
|c Karel Květoň
|
| 260 |
|
|
|a Praha :
|b Pobočka ČSVTS elektrotechnické fakulty ČVUT,
|c 1987
|
| 300 |
|
|
|a 211 s.
|
| 490 |
1 |
|
|a Knižnice ČSVTS - FEL
|
| 504 |
|
|
|a Obsahuje bibliografii
|
| 830 |
|
0 |
|a Knižnice ČSVTS - FEL
|
| 910 |
|
|
|a BOA001
|b 4-0917.286
|
| 964 |
|
|
|a Regresní analýza
|
| 990 |
|
|
|a BK
|
| 991 |
|
|
|b 200710
|
| 996 |
7 |
|
|b 2619832823
|c 4-0917.286
|l MZK
|r Sklad / do 1 hodiny
|n 44
|w 000325847
|u 000010
|a 1
|e BOA001
|j MZK50
|s A
|